Zimbabwe: towards a new order : (Record no. 147743)

MARC details
000 -LEADER
fixed length control field 01125nam a2200277 a 4500
008 - FIXED-LENGTH DATA ELEMENTS--GENERAL INFORMATION
fixed length control field
049 ## - LOCAL HOLDINGS (OCLC)
Holding library MAIN
090 ## - LOCALLY ASSIGNED LC-TYPE CALL NUMBER (OCLC); LOCAL CALL NUMBER (RLIN)
Classification number (OCLC) (R) ; Classification number, CALL (RLIN) (NR) HC910
Local cutter number (OCLC) ; Book number/undivided call number, CALL (RLIN) ZIM
003 - CONTROL NUMBER IDENTIFIER
control field
005 - DATE AND TIME OF LATEST TRANSACTION
control field 20230123133404.0
040 ## - CATALOGING SOURCE
Transcribing agency NUST
245 00 - TITLE STATEMENT
Title Zimbabwe: towards a new order :
Remainder of title an economic and social survey : working papers /
Statement of responsibility, etc. prepared by consultants employed by the UNCTAD Secretariat with funding from UNDP (Project PAF/78/010)].
260 ## - PUBLICATION, DISTRIBUTION, ETC.
Place of publication, distribution, etc. [New York] :
Name of publisher, distributor, etc. United Nations,
Date of publication, distribution, etc. 1980.
300 ## - PHYSICAL DESCRIPTION
Extent v, 659 p. ;
Dimensions 30 cm.
504 ## - BIBLIOGRAPHY, ETC. NOTE
Bibliography, etc. note Includes bibliographical references.
651 #0 - SUBJECT ADDED ENTRY--GEOGRAPHIC NAME
Geographic name Zimbabwe
General subdivision Economic conditions.
651 #0 - SUBJECT ADDED ENTRY--GEOGRAPHIC NAME
Geographic name Zimbabwe
General subdivision Social conditions.
650 #0 - SUBJECT ADDED ENTRY--TOPICAL TERM
Topical term or geographic name entry element Agriculture
General subdivision Economic aspects
Geographic subdivision Zimbabwe.
650 #0 - SUBJECT ADDED ENTRY--TOPICAL TERM
Topical term or geographic name entry element Social surveys
Geographic subdivision Zimbabwe.
700 1# - ADDED ENTRY--PERSONAL NAME
Personal name Mukarati, M. M.
710 2# - ADDED ENTRY--CORPORATE NAME
Corporate name or jurisdiction name as entry element United Nations Conference on Trade and Development.
Subordinate unit Secretariat.
710 2# - ADDED ENTRY--CORPORATE NAME
Corporate name or jurisdiction name as entry element United Nations Development Programme.
Subordinate unit Project PAF/78/010.
740 ## - ADDED ENTRY--UNCONTROLLED RELATED/ANALYTICAL TITLE
Uncontrolled related/analytical title Land reform and agricultural transformation in Zimbabwe / by M. M. Mukarati.
907 ## - LOCAL DATA ELEMENT G, LDG (RLIN)
a .b10086778
b 14-05-09
c 25-08-03
942 ## - ADDED ENTRY ELEMENTS (KOHA)
Koha item type Ordinary Loan Books
Call number prefix HC910
Call number suffix ZIM
Holdings
Date last seen Total Checkouts Full call number Barcode Cost, replacement price Price effective from Koha item type Lost status Source of classification or shelving scheme Damaged status Not for loan Collection Withdrawn status Home library Current library Shelving location Date acquired Cost, normal purchase price
01/23/2023 7 HC910 ZIM 92003001942 80.00 01/23/2023 BOOKS   LCC     NFIC   MAIN MAIN GEN 01/23/2023 80.00